Регионална библиотека "Любен Каравелов" - Русе

Синият остров (Запис номер 108420)

MARC детайли
000 -Лидер
Контролно поле с фиксирана дължина 01745nam a2200385 c 4500
003 - Код на организацията, давaща контролен номер
Контролно поле BLK
005 - Дата и час на последна редакция
Контролно поле 20250315102839.0
008 - Елементи от данни с фиксирана дължина
fixed length control field 180409b bul|||||r ||||||| ||bul||
010 ## - Наследен системен номер
LC control number KNG00113724000
020 ## - Международен стандартен номер на книга ISBN
Международен стандартен номер на книга ISBN 978-92-79-18940-1
-- издат.: Служба за публ. на Европ. съюз
040 ## - Източник на каталожния запис
Идентификатор на билиотеката - собственик на записа BLK
041 ## - Код за език
Код за езика на текст/звукозапис или на отделно заглавие Български
Код за езика КДБФ Български
072 #7 - Код за тематичната категория
Код организация bullib
Код за тематична категория Н85
Текст Детска художествена литература Н
080 ## - УДК
Текстов определител УДК Белгийска литература
УДК код - определител по УДК 821.133.1(493)
УДК определител -93-3
УДК - код + определител 821.133.1(493)-93-3
139 ## - Редно поле
Редна дума Копи, Беноа
Авторски знак Конф - К 84
245 10 - Сведения за заглавието
Заглавие Синият остров
Редно поле (дума) * Беноа Копи; текст Беноа Копе; ил. Никола Вио; * Николас Виот.
257 ## - Страна на издаване
Страна на създаване/издаване Белгия
260 ## - Област на издателските данни
-- Люксембург
Име на издателя, разпространителя и проч. Служба за публ. на Европ. съюз
Година на издаване 2011
300 ## - Физическа характеристика
Страници 20 с. цв. ил.
Размери/Мащаб 23 см
380 ## - Жанр
Жанр Детска худож. лит.
500 ## - Общи забележки
Забележка Изд. на Представителство на Европ. комис. в България. - Кор. опис. - Без сведение за ориг. загл. - Авт. е известен като Беноа Копи ; Авт. отбелязан на гърба на кор.
653 ## - Ключова дума – ненормативна
Ключова дума литература за деца
653 ## - Ключова дума – ненормативна
Ключова дума детска литература
659 ## - Тематичен бюлетин
Тематичен бюлетин Н
700 1# - Други автори (авторска отговорност)
Лично име Копи, Беноа
Автороска отговорност (Описва отношението между автора и произведението) *
9 (RLIN) 82268
700 1# - Други автори (авторска отговорност)
Лично име Копе, Беноа
Автороска отговорност (Описва отношението между автора и произведението) текст
9 (RLIN) 375533
700 1# - Други автори (авторска отговорност)
Лично име Вио, Никола
Автороска отговорност (Описва отношението между автора и произведението) ил.
9 (RLIN) 48234
700 1# - Други автори (авторска отговорност)
Лично име Виот, Николас
Автороска отговорност (Описва отношението между автора и произведението) *
9 (RLIN) 48240
852 ## - Местоположение
Форматна сигнатура Цб 255224
856 4# - Електронен адрес и достъп
Електронен формат pdf - файл
Път до файла /url/
856 4# - Електронен адрес и достъп
Електронен формат pdf - файл
Път до файла /url/
942 ## - АРТИКУЛИ
Вид на библиотечния материал Книги
Скрит в OPAC Не
Koha issues (borrowed), all copies 5
944 ## - СЪЗДАВАНЕ И РЕДАКЦИЯ на ЗАПИСА
Създаване/Редакция Създаване
Дата на регистрацията/редакция 01.06.2012
Статус, дата на статуса Кети Илиева
Служител, извършил регистрацията/редакцията 30550
944 ## - СЪЗДАВАНЕ И РЕДАКЦИЯ на ЗАПИСА
Създаване/Редакция Редакция
Дата на регистрацията/редакция 08.07.2013
Статус, дата на статуса ф /
Служител, извършил регистрацията/редакцията
999 ## - СИСТЕМНИ КОНТРОЛНИ НОМЕРА
Koha biblionumber 108420
Koha biblioitemnumber 108420
Наличности
Код за отписване Код за изгубен артикул Код за повреда Коз за рестрикции Код за отдаване Артикулен № Име на библиотеката - собственик Име на библиотеката, в която се намира в момента Статус (Текущо местоположение) Дата на вписване в системата Местоположение - отдел Цена в лева Инвентарен номер Систематично азбучна сигнатура Баркод Номер на екземпляра Цена в евро Служебна бележка Служебен тип на артикула
  Не е изгубен Не е повреден без рестрикции заемане за дома 174855 Регионална библиотека "Любен Каравелов" Русе Регионална библиотека "Любен Каравелов" Русе Детски отдел 2012-05-30 Детски отдел 4.00 120000757965 ДХ 820/899/К 84 120000757965 1 2.05 Дост: DA Вид: А N: 8 Дата: 28.05.2012 Дата инв: 07.08.2015 Бележки инв: Д2015 Книги
  Не е изгубен Не е повреден без рестрикции заемане за дома 174856 Регионална библиотека "Любен Каравелов" Русе Регионална библиотека "Любен Каравелов" Русе Детски отдел 2012-05-30 Детски отдел 4.00 120000757966 ДХ 820/899/К 84 120000757966 2 2.05 Дост: DA Вид: А N: 8 Дата: 28.05.2012 Дата инв: 07.08.2015 Бележки инв: Д2015 Книги
  Не е изгубен Не е повреден без рестрикции заемане за дома 174857 Регионална библиотека "Любен Каравелов" Русе Регионална библиотека "Любен Каравелов" Русе Детски отдел 2012-05-30 Детски отдел 4.00 120000757967 ДХ 820/899/К 84 120000757967 3 2.05 Дост: DA Вид: А N: 8 Дата: 28.05.2012 Дата инв: 07.08.2015 Бележки инв: Д2015 Книги
  Не е изгубен Не е повреден без рестрикции заемане за дома 174858 Регионална библиотека "Любен Каравелов" Русе Регионална библиотека "Любен Каравелов" Русе Детски отдел 2012-05-30 Детски отдел 4.00 120000757968 ДХ 820/899/К 84 120000757968 4 2.05 Дост: DA Вид: А N: 8 Дата: 28.05.2012 Дата инв: 07.08.2015 Бележки инв: Д2015 Книги
  Не е изгубен Не е повреден без рестрикции заемане за дома 174859 Регионална библиотека "Любен Каравелов" Русе Регионална библиотека "Любен Каравелов" Русе Детски отдел 2012-05-30 Детски отдел 4.00 120000757969 ДХ 820/899/К 84 120000757969 5 2.05 Дост: DA Вид: А N: 8 Дата: 28.05.2012 Дата инв: 07.08.2015 Бележки инв: Д2015 Книги
Vip Innovations Ltd, Rousse, Bulgaria 2025